| 000 | 01186nam a22001697a 4500 | ||
|---|---|---|---|
| 003 | JO-AjAnu | ||
| 005 | 20231211113847.0 | ||
| 008 | 231211b jo ||||| |||| 00| 0 ara d | ||
| 040 |
_bARA _cJO-AjAnu _dANU |
||
| 100 |
_aالقرعان، روز أحمد شامخ _964922 _eمعد |
||
| 245 |
_aاثر التدفقات النقدية على الافصاح عن الاستدامة في الشركات الصناعية المدرجة في بورصة عمان : الملكية الادارية كمتغير معدل = The Impact of Cash Flows on the Sustainability Disclosure in the Industrial Companies Listed on the Amman Stock Exchange : Managerial Ownership as a Moderating Variable / _cاعداد روز أحمد شامخ القرعان ؛ اشراف أحمد إبراهيم كراجة |
||
| 260 |
_aعجلون : _bجامعة عجلون الوطنية، _c2023 |
||
| 500 | _aرساله جامعية (ماجستير) - جامعة عجلون الوطنية، 2023 تحتوي على منحنيات واشكال بيانية | ||
| 650 | _vالتدفقات النقدية-محاسبة-الأردن | ||
| 700 |
_aأحمد إبراهيم كراجة _964926 _eمشرف |
||
| 942 |
_2lcc _cTHS _n0 |
||
| 999 |
_c33275 _d33275 |
||